Forgotten Saint-Simonian Travelers in Egypt

محفوظ في:

المؤلف الرئيسي: John David Ragan

التنسيق: كتاب

اللغة: Undetermined

منشور في: Cairo American University in Cairo 2025

الموضوعات:

الوسوم: إضافة وسم

لا توجد وسوم, كن أول من يضع وسما على هذه التسجيلة!

رقم الطلب: On Hold

LEADER 00561nam a2200181Ia 4500
005 20260324113531.0
008 260324s9999||||xx |||||||||||||| ||und||
020 |a 978-1649033857 
050 4 |a On Hold 
100 0 |a John David Ragan 
245 1 0 |a Forgotten Saint-Simonian Travelers in Egypt  |c John David Ragan 
264 1 |a Cairo  |b American University in Cairo  |c 2025 
300 |a 362 Pages  |c 23 cm 
650 4 |a Europe 
650 4 |a Middle East 
650 4 |a Modern history: 1700 to 1900 
650 4 |a Suzanne Voilquin, Ismayl Urbain, and Jehan d'Ivray  
999 |c 61916  |d 61916